Quiz Carte Amérique du Sud - Statistiques

Statistiques générales
  • Ce quiz a été pris 138 fois
  • Le résultat moyen est 10 sur 12
Réponses sur la Carte
Les réponses sont colorées sur une échelle allant du rouge au vert en fonction du pourcentage des utilisateurs qui les ont devinées à leur premier essai. Vous pouvez retrouver ces pourcentages ci-dessous.
 
Statistiques - réponses
Réponse % Correct
Bresil
95%
Argentine
94%
Chili
90%
Perou
90%
Colombie
88%
Equateur
86%
Guyana
85%
Uruguay
84%
Paraguay
80%
Venezuela
79%
Bolivie
78%
Suriname
66%
Aucun quiz correspondant
Distribution des résultats
% des personnes avec chaque résultat
Percentile par nombre de réponses
Votre historique - résultats
Vous n’avez pas pris ce quiz